000 01045nam a2200265 i 4500
001 152932
003 ES-MaACL
005 20250513063023.0
008 050823n1700 sp |||| | spa d
100 1 _aCalderón de la Barca, Pedro,
_d1600-1681
_eaut
_9239594
245 1 3 _aLa señora y la criada
_b: comedia famosa /
_cde Pedro Calderón de la Barca.
260 _aEn Sevilla :
_ben la Imprenta Real, casa del Correo Viejo,
_c[ca. 1700]
300 _a32 p. ;
_c4º.
530 _aDisponible en formato digital.
594 _aPrecede al tít.: Núm. 185.
596 _aProbablemente impreso a finales del s. XVII, principios del s. XVIII.
596 _aDatos de pie de imp. constan en colofón.
597 _aSign.: A-D4.
597 _aTexto a dos col.
650 1 4 _a
_9239571
852 _aES-MaACL
_jR-3021-36
_xOlim:T-1409
_z- Enc. piel con hierros
856 _uhttps://bvpb.mcu.es/es/consulta/registro.do?id=577767
_zBiblioteca Virtual del Patrimonio Bibliográfico
942 _2udc
999 _c152932
_d152932